[Event "Open de Provence 2015 B"]
[Site "Salon de Provence"]
[Date "2015.07.04"]
[Round "2.15"]
[White "Boghossian, Lucie"]
[Black "Maccagno, Gilbert"]
[Result "0-1"]
[WhiteElo "1100"]
[BlackElo "1366"]
[PlyCount "52"]
[EventDate "2015.??.??"]

1. e4 c5 2. Nf3 d6 3. d4 cxd4 4. Nxd4 Nf6 5. Bb5+ Bd7 6. O-O e5 7. Bg5 Be7 8.
Bxd7+ Nbxd7 9. Nb5 O-O 10. N1c3 Nb6 11. Bxf6 Bxf6 12. Re1 Be7 13. Re3 a6 14.
Na3 Qc7 15. Rh3 Bg5 16. Qh5 h6 17. Rg3 g6 18. Qe2 Rac8 19. Qd2 Bxd2 20. Rd1 Bg5
21. Nd5 Nxd5 22. Rxd5 b5 23. Rc3 Qb6 24. Rxc8 Rxc8 25. Nb1 Rxc2 26. Rd1 Qxf2+
0-1

[Event "Open de Provence 2015 B"]
[Site "Salon de Provence"]
[Date "2015.07.04"]
[Round "2.16"]
[White "Ulloa, Philippe"]
[Black "Salvi, Angele"]
[Result "1-0"]
[WhiteElo "1341"]
[BlackElo "1064"]
[PlyCount "77"]
[EventDate "2015.??.??"]

1. d4 Nf6 2. c4 d6 3. h3 g6 4. Bg5 Bg7 5. Qc1 O-O 6. Bh6 Nh5 7. g4 Bxh6 8. Qxh6
Ng7 9. Nf3 f6 10. Nc3 Nc6 11. O-O-O Be6 12. d5 Ne5 13. dxe6 Nxc4 14. Rd5 Nxe6
15. Nh4 Ne5 16. e3 Nf7 17. Qxg6+ hxg6 18. Nxg6 Re8 19. Rh5 Kg7 20. Bd3 Rh8 21.
Nxh8 Nxh8 22. Rh7+ Kg8 23. Nd5 Ng5 24. Nxe7+ Kf8 25. Rxh8+ Kxe7 26. Rxd8 Rxd8
27. f4 Nh7 28. Bxh7 Rh8 29. Be4 c6 30. h4 Ke6 31. h5 Rg8 32. Bf3 f5 33. g5 d5
34. h6 Kf7 35. Bh5+ Kf8 36. g6 Ke7 37. g7 Kf6 38. Rg1 Re8 39. Bxe8 1-0

[Event "Open de Provence 2015 B"]
[Site "Salon de Provence"]
[Date "2015.07.04"]
[Round "3.1"]
[White "Montanelli, Tristan"]
[Black "Frailinu, Jean-Bernard"]
[Result "1-0"]
[WhiteElo "1694"]
[BlackElo "1495"]
[PlyCount "51"]
[EventDate "2015.??.??"]

1. d4 d5 2. Nf3 e6 3. e3 a6 4. Bd3 Nf6 5. Nbd2 c5 6. c3 Nc6 7. O-O Be7 8. e4
dxe4 9. Nxe4 cxd4 10. cxd4 O-O 11. Be3 h6 12. a3 b5 13. b4 Bb7 14. Nc5 Qc7 15.
Rc1 Rac8 16. Qd2 Ng4 17. Bf4 e5 18. dxe5 Bg5 19. Bxg5 hxg5 20. Bf5 Rcd8 21.
Qxg5 Nh6 22. Be4 f6 23. exf6 Rxf6 24. Nxb7 Qxb7 25. Bxc6 Rxc6 26. Qxd8+ 1-0

[Event "Open de Provence 2015 B"]
[Site "Salon de Provence"]
[Date "2015.07.04"]
[Round "3.2"]
[White "Nguyen, Patrick"]
[Black "Malsan, Raynal"]
[Result "1-0"]
[WhiteElo "1654"]
[BlackElo "1484"]
[PlyCount "65"]
[EventDate "2015.??.??"]

1. e4 c5 2. Nf3 d6 3. Bb5+ Nc6 4. d4 cxd4 5. Qxd4 Bd7 6. Bxc6 Bxc6 7. Nc3 h6 8.
Be3 e6 9. O-O-O Qc7 10. Qd3 Be7 11. Nd4 a6 12. f4 Nf6 13. h3 Rc8 14. g4 d5 15.
e5 Ne4 16. Nxe4 dxe4 17. Qc3 O-O 18. Nxc6 bxc6 19. Bc5 Bxc5 20. Qxc5 Rfd8 21.
Rd6 Rxd6 22. exd6 Qd7 23. Rd1 f5 24. Qb6 g5 25. gxf5 exf5 26. Qb3+ Qf7 27. Qb6
Qd7 28. Qd4 Qg7 29. fxg5 hxg5 30. Rg1 g4 31. hxg4 fxg4 32. Qxe4 g3 33. Qe6+ 1-0

[Event "Open de Provence 2015 B"]
[Site "Salon de Provence"]
[Date "2015.07.04"]
[Round "3.3"]
[White "Mars, Fiona"]
[Black "Monteiro, Georges"]
[Result "1-0"]
[WhiteElo "1611"]
[BlackElo "1450"]
[PlyCount "43"]
[EventDate "2015.??.??"]

1. e4 e5 2. Nf3 Nc6 3. d4 exd4 4. Nxd4 Bc5 5. Be3 Qe7 6. Nc3 Nxd4 7. Bxd4 Nf6
8. Be2 Bxd4 9. Qxd4 d6 10. O-O-O O-O 11. f4 c5 12. Qxd6 Qe6 13. f5 Qe8 14. e5
Nd7 15. Bb5 Qxe5 16. Bxd7 Qe3+ 17. Qd2 Qe5 18. Bxc8 Raxc8 19. Rhe1 Qxf5 20. Re3
a6 21. Nd5 Rce8 22. Rxe8 1-0

[Event "Open de Provence 2015 B"]
[Site "Salon de Provence"]
[Date "2015.07.04"]
[Round "3.4"]
[White "Graells, Christian"]
[Black "Mars, Theo"]
[Result "1-0"]
[WhiteElo "1491"]
[BlackElo "1634"]
[PlyCount "50"]
[EventDate "2015.??.??"]

1. e4 c6 2. d4 d5 3. Nc3 dxe4 4. Nxe4 Bf5 5. f3 e6 6. Bf4 Nf6 7. Qd3 Nxe4 8.
fxe4 Bg6 9. Nf3 Nd7 10. Be2 Be7 11. O-O O-O 12. c4 Qb6 13. b3 Rfd8 14. Qc3 Bxe4
15. Ng5 Bg6 16. c5 Nxc5 17. dxc5 Bxc5+ 18. Kh1 Bd4 19. Qh3 Bxa1 20. Rxa1 Qd4
21. Rf1 Bd3 22. Be3 Qe5 23. Bxd3 Rxd3 24. Qxh7+ Kf8 25. Qxd3 f6 1-0

[Event "Open de Provence 2015 B"]
[Site "Salon de Provence"]
[Date "2015.07.04"]
[Round "3.5"]
[White "Amoros, Jean"]
[Black "Noireaut, Hoan"]
[Result "1-0"]
[WhiteElo "1437"]
[BlackElo "1667"]
[PlyCount "110"]
[EventDate "2015.??.??"]

1. e4 d6 2. d4 Nf6 3. Nc3 g6 4. Be3 Bg7 5. Qd2 O-O 6. Bh6 c6 7. Bxg7 Kxg7 8.
O-O-O Qa5 9. Bc4 b5 10. Bb3 b4 11. e5 Nfd7 12. Ne4 dxe5 13. Nf3 exd4 14. Qxd4+
Nf6 15. Nc5 Nbd7 16. Nxd7 Bxd7 17. Qe5 Qxe5 18. Nxe5 Rad8 19. Ba4 Nd5 20. Nxd7
Rxd7 21. Bxc6 Rd6 22. Bxd5 a5 23. Bc4 Rc6 24. b3 Rc7 25. Rd5 Ra8 26. Rhd1 Raa7
27. R1d3 e6 28. Rd6 Kf6 29. Ra6 Rxa6 30. Bxa6 Rc5 31. Rf3+ Kg7 32. Bc4 Rh5 33.
h3 Rg5 34. g3 Rh5 35. h4 Re5 36. Kd2 h6 37. Re3 Rf5 38. f4 Kf6 39. Ke2 h5 40.
c3 Rc5 41. cxb4 axb4 42. Re4 Ra5 43. Rd4 Rxa2+ 44. Rd2 Ra5 45. Ke3 Ra7 46. Rd6
Kf5 47. Rb6 Kg4 48. Kf2 Ra2+ 49. Be2+ Kh3 50. Rxb4 Ra7 51. Ra4 Rb7 52. b4 Rc7
53. b5 Rc3 54. b6 Rxg3 55. Bf1+ Kh2 1-0

[Event "Open de Provence 2015 B"]
[Site "Salon de Provence"]
[Date "2015.07.04"]
[Round "3.6"]
[White "Misene, Milan"]
[Black "Courtois, Jean-Baptiste"]
[Result "1/2-1/2"]
[WhiteElo "1417"]
[BlackElo "1690"]
[PlyCount "43"]
[EventDate "2015.??.??"]

1. d4 Nf6 2. Bf4 b6 3. e3 Bb7 4. Nf3 e6 5. Nbd2 h6 6. Ne5 Nc6 7. Ndf3 Nh5 8.
Bg3 Nxg3 9. hxg3 Nxe5 10. Nxe5 c5 11. c3 d6 12. Nf3 Qc7 13. Bb5+ Bc6 14. Qa4
Bxb5 15. Qxb5+ Qd7 16. Qxd7+ Kxd7 17. dxc5 bxc5 18. O-O-O Be7 19. Ne5+ Kc7 20.
Nc4 Rab8 21. Rd3 f6 22. e4 1/2-1/2

[Event "Open de Provence 2015 B"]
[Site "Salon de Provence"]
[Date "2015.07.04"]
[Round "3.7"]
[White "Oziol, Joris"]
[Black "Konate, Salma"]
[Result "0-1"]
[WhiteElo "1666"]
[BlackElo "1373"]
[PlyCount "88"]
[EventDate "2015.??.??"]

1. d4 d5 2. Nf3 Nf6 3. Bf4 e6 4. e3 c5 5. c3 Qb6 6. Qc2 Nbd7 7. Nbd2 Bd6 8. Be2
Bxf4 9. exf4 O-O 10. O-O Qd6 11. g3 b6 12. Ne5 Bb7 13. Ndf3 cxd4 14. cxd4 Rac8
15. Qd1 Ne4 16. Nxd7 Qxd7 17. Ne5 Qd6 18. f3 Nf6 19. Qa4 a6 20. Rac1 b5 21. Qb3
Nd7 22. a4 Nxe5 23. fxe5 Qb6 24. Qb4 a5 25. Qxb5 Qxd4+ 26. Kg2 Qxe5 27. f4 d4+
28. Kh3 Qe3 29. Bc4 Bd5 30. b3 Qd2 31. Rg1 Be4 32. Rcf1 Bf5+ 33. g4 Bg6 34. Qb7
Qe3+ 35. Rg3 Qe4 36. Qb5 f5 37. g5 Bh5 38. Qxa5 Bg4+ 39. Kh4 g6 40. Qd2 Rfe8
41. Re1 Qc6 42. Qxd4 Rcd8 43. Qf6 Rd6 44. Rge3 Qg2 0-1

[Event "Open de Provence 2015 B"]
[Site "Salon de Provence"]
[Date "2015.07.04"]
[Round "3.8"]
[White "Bouriel, Michel"]
[Black "Ulloa, Philippe"]
[Result "1-0"]
[WhiteElo "1497"]
[BlackElo "1341"]
[PlyCount "87"]
[EventDate "2015.??.??"]

1. c4 c6 2. Nc3 e6 3. g3 d5 4. cxd5 cxd5 5. Bg2 Nf6 6. d3 Be7 7. Nf3 h6 8. O-O
O-O 9. Bf4 Nbd7 10. Rc1 a6 11. a3 b5 12. b4 Nh5 13. Be3 Bb7 14. Nd2 Nhf6 15.
Nb3 e5 16. d4 Bd6 17. Na5 Qb8 18. dxe5 Bxe5 19. Nxb7 Bxc3 20. Bxd5 Nxd5 21.
Qxd5 Nf6 22. Qf3 Bb2 23. Rb1 Bc3 24. Na5 Re8 25. Bc5 Ne4 26. Be3 Bd2 27. Rbd1
Qc7 28. Bxd2 Nxd2 29. Rxd2 Rac8 30. Nb7 Re6 31. Nc5 Rf6 32. Qe3 Qc6 33. Rfd1
Re8 34. Rd8 Rxd8 35. Rxd8+ Kh7 36. Qe4+ Qxe4 37. Nxe4 Re6 38. f3 Rc6 39. Kf2 f5
40. Rd6 Rc1 41. Nc5 a5 42. Nb3 Rc3 43. Nxa5 Rxa3 44. Rd5 1-0

[Event "Open de Provence 2015 B"]
[Site "Salon de Provence"]
[Date "2015.07.04"]
[Round "3.9"]
[White "Boghossian, Hugo"]
[Black "Chabaud, Philippe"]
[Result "1-0"]
[WhiteElo "1398"]
[BlackElo "1461"]
[PlyCount "95"]
[EventDate "2015.??.??"]

1. e4 e5 2. Nf3 d6 3. d4 exd4 4. Nxd4 Bd7 5. Nc3 Nc6 6. Bc4 Nf6 7. O-O Ne5 8.
Bb3 Be7 9. Re1 O-O 10. h3 Qc8 11. Re3 a6 12. Rg3 Ng6 13. Nde2 Bc6 14. Qd3 Nh5
15. Rf3 Ne5 16. Nd5 Nxd3 17. Nxe7+ Kh8 18. Nxc8 Nxc1 19. Rxc1 Raxc8 20. Nc3 Nf6
21. Re1 Rce8 22. Rf4 b5 23. a3 a5 24. g4 b4 25. axb4 axb4 26. Ba4 Bxa4 27. Nxa4
Ra8 28. b3 Rfe8 29. g5 Nd5 30. Rxf7 c5 31. Rd1 Nc3 32. Nxc3 bxc3 33. Rxd6 Ra2
34. Rc7 Rxc2 35. Rxc5 Rc1+ 36. Kg2 c2 37. Rdc6 Rb1 38. Rc8 Rg8 39. e5 Rxb3 40.
e6 Rb8 41. Rxb8 Rxb8 42. Rxc2 Re8 43. Kg3 g6 44. Re2 Kg7 45. Kg4 h6 46. gxh6+
Kxh6 47. e7 g5 48. Re6+ 1-0

[Event "Open de Provence 2015 B"]
[Site "Salon de Provence"]
[Date "2015.07.04"]
[Round "3.10"]
[White "Maccagno, Gilbert"]
[Black "Guyard, Gerard"]
[Result "1-0"]
[WhiteElo "1366"]
[BlackElo "1442"]
[PlyCount "79"]
[EventDate "2015.??.??"]

1. d4 {[%emt 0:00:00]} Nf6 {[%emt 0:00:00]} 2. c4 c5 3. Nf3 Ne4 4. e3 Qa5+ 5.
Nfd2 g6 6. Bd3 Nf6 7. O-O cxd4 8. Nb3 Qc7 9. Nxd4 Nc6 10. Nf3 Bg7 11. a3 a5 12.
Nc3 Na7 13. Rb1 O-O 14. b3 b6 15. Bb2 e6 16. Ne4 Nxe4 17. Bxe4 Nc6 18. Bxg7
Kxg7 19. Rc1 Bb7 20. Nd4 Qe5 21. Bf3 Rad8 22. Nb5 d5 23. Qc2 Kg8 24. Rfe1 Qg5
25. g3 Ne5 26. Bg2 Qh5 27. Qe2 Qf5 28. Red1 Nc6 29. cxd5 exd5 30. Nd4 Nxd4 31.
Rxd4 Qf6 32. Bh3 Rfe8 33. Qb5 Qg5 34. Qd3 Re5 35. f4 Qf6 36. fxe5 Qxe5 37. Bg2
Ba6 38. Qd2 Re8 39. Re1 Rd8 40. Bxd5 1-0

[Event "Open de Provence 2015 B"]
[Site "Salon de Provence"]
[Date "2015.07.04"]
[Round "3.11"]
[White "Mars, Florence"]
[Black "Faillat, Alois"]
[Result "0-1"]
[WhiteElo "1062"]
[BlackElo "1430"]
[PlyCount "72"]
[EventDate "2015.??.??"]

1. e4 c6 2. d4 d5 3. exd5 cxd5 4. Nf3 e6 5. Bb5+ Bd7 6. Bxd7+ Nxd7 7. O-O h6 8.
Nc3 a6 9. Re1 Ne7 10. Ne5 Nxe5 11. Rxe5 Nc6 12. Re2 g5 13. f4 Bg7 14. f5 Bxd4+
15. Be3 Bxe3+ 16. Rxe3 d4 17. Re4 dxc3 18. Qh5 Qb6+ 19. Kh1 Qxb2 20. Rxe6+ Kf8
21. Rae1 fxe6 22. fxe6 Rh7 23. Qf3+ Ke7 24. Qd3 Rg7 25. Qd7+ Kf6 26. Rf1+ Kg6
27. e7 Rxe7 28. Qd6+ Kg7 29. Qf6+ Kh7 30. Qf5+ Kg8 31. Qg6+ Rg7 32. Qe6+ Kh7
33. Qf5+ Kh8 34. Qf6 Qxc2 35. Qxh6+ Qh7 36. Qf6 c2 0-1

[Event "Open de Provence 2015 B"]
[Site "Salon de Provence"]
[Date "2015.07.04"]
[Round "3.12"]
[White "Bohli, Adam"]
[Black "Favarel-Lubeigt, Helina"]
[Result "1-0"]
[WhiteElo "1428"]
[BlackElo "1296"]
[PlyCount "79"]
[EventDate "2015.??.??"]

1. e4 c5 2. Nc3 Nc6 3. f4 g6 4. Nf3 Bg7 5. Bc4 e6 6. d3 Nge7 7. Be3 b6 8. Qd2
Qc7 9. e5 Nf5 10. g4 Nfd4 11. Bxd4 Nxd4 12. Nxd4 cxd4 13. Nb5 Qc6 14. Nd6+ Ke7
15. O-O-O Rd8 16. Rhe1 Kf8 17. f5 Kg8 18. f6 Bf8 19. Qf4 Qc5 20. h4 a6 21. h5
b5 22. Bb3 Bxd6 23. exd6 g5 24. Qf3 Rb8 25. Re2 Qxd6 26. h6 Bb7 27. Qh3 Qf4+
28. Kb1 Bc6 29. Rde1 Qxf6 30. Qh5 a5 31. a3 d5 32. Re5 Kh8 33. Rxg5 Qf2 34. Rh1
a4 35. Ba2 Be8 36. Rg7 Rdc8 37. Qe5 f6 38. Qxe6 Qxc2+ 39. Ka1 Bg6 40. Qxf6 1-0

[Event "Open de Provence 2015 B"]
[Site "Salon de Provence"]
[Date "2015.07.04"]
[Round "3.13"]
[White "Mautret-Godard, Titouan"]
[Black "Bartolomei, Romain"]
[Result "1/2-1/2"]
[WhiteElo "1462"]
[BlackElo "1289"]
[PlyCount "112"]
[EventDate "2015.??.??"]

1. d4 Nf6 2. Nf3 g6 3. Bf4 Bg7 4. Nbd2 d5 5. c4 c6 6. e3 Bf5 7. Rc1 Nbd7 8. Ne5
Nxe5 9. Bxe5 O-O 10. cxd5 Qxd5 11. f3 Qxa2 12. e4 Bd7 13. d5 cxd5 14. Ra1 Qxa1
15. Qxa1 dxe4 16. Nxe4 Rfe8 17. Bc4 Bc6 18. b3 a6 19. O-O Nh5 20. Bxg7 Nxg7 21.
Rd1 Nf5 22. Nc5 Nd6 23. Qe5 Rad8 24. Ne4 Nxc4 25. Qa1 Nd6 26. Qa5 f6 27. Qc5
Nxe4 28. Qc4+ Kg7 29. Rxd8 Rxd8 30. fxe4 Rd6 31. g3 Kf8 32. b4 Rd8 33. Qe6 Rd6
34. Qc8+ Kf7 35. Qh8 Rd1+ 36. Kf2 Bxe4 37. Qxh7+ Ke6 38. Qg8+ Kd7 39. Qc4 Bf5
40. b5 Rd6 41. bxa6 bxa6 42. Kf3 Ke8 43. g4 Be6 44. Qc2 Kf7 45. h4 Kg7 46. Qc7
Kf7 47. h5 gxh5 48. gxh5 Rd3+ 49. Kf4 Rh3 50. Qc6 Rxh5 51. Qxa6 Rd5 52. Qe2 Bd7
53. Qe4 e5+ 54. Ke3 Rd4 55. Qh7+ Ke6 56. Qg8+ Kd6 1/2-1/2

[Event "Open de Provence 2015 B"]
[Site "Salon de Provence"]
[Date "2015.07.04"]
[Round "3.14"]
[White "Philippe, Alexis"]
[Black "Aicardo, Hadrien"]
[Result "1-0"]
[WhiteElo "1268"]
[BlackElo "1200"]
[PlyCount "51"]
[EventDate "2015.??.??"]

1. d4 d5 2. c4 dxc4 3. e4 Nf6 4. Nc3 Bg4 5. f3 Bh5 6. Bxc4 e6 7. Nge2 Nbd7 8.
Bf4 Bb4 9. a3 Ba5 10. O-O O-O 11. e5 Ne8 12. b4 Bb6 13. g4 Bg6 14. Kh1 c6 15.
Bg3 Nc7 16. h4 h6 17. f4 Nd5 18. f5 Nxc3 19. Nxc3 exf5 20. gxf5 Bh7 21. Qg4 g6
22. fxg6 Bxg6 23. Qxg6+ Kh8 24. Qxh6+ Kg8 25. Rg1 Qc8 26. Bf4# 1-0

[Event "Open de Provence 2015 B"]
[Site "Salon de Provence"]
[Date "2015.07.04"]
[Round "3.15"]
[White "Borrini, Rodrigue"]
[Black "Person, Claude"]
[Result "0-1"]
[WhiteElo "1110"]
[BlackElo "1227"]
[PlyCount "110"]
[EventDate "2015.??.??"]

1. e4 e5 2. Nf3 d6 3. Bc4 Bg4 4. h3 Bh5 5. d3 h6 6. Nc3 c6 7. d4 Nd7 8. Be3 b5
9. Bb3 Qf6 10. d5 Bxf3 11. Qxf3 Qxf3 12. gxf3 cxd5 13. Nxd5 Kd8 14. f4 exf4 15.
Bxf4 Ngf6 16. f3 Nh5 17. Be3 Nhf6 18. Nxf6 Nxf6 19. Bxf7 Ke7 20. Bb3 a5 21. a3
a4 22. Ba2 Rc8 23. O-O-O Nd7 24. Rhe1 Ne5 25. f4 Nf3 26. Rf1 Nh4 27. e5 Kd7 28.
f5 Ng2 29. Rf3 Nxe3 30. Rxe3 Rc5 31. e6+ Ke7 32. Red3 Kf6 33. Rf1 Be7 34. Rdf3
Rhc8 35. R1f2 Re5 36. Kd2 Rcc5 37. Kd3 Rxf5 38. c4 bxc4+ 39. Bxc4 Rce5 40. b4
axb3 41. Bxb3 d5 42. Rxf5+ Rxf5 43. Ra2 Rf3+ 44. Kc2 Rf2+ 45. Kb1 Rxa2 46. Kxa2
Kxe6 47. a4 Bb4 48. Kb2 Ke5 49. Kc2 Ke4 50. Kd1 d4 51. Bc2+ d3 52. Bb1 Ke3 53.
Ba2 g5 54. Bf7 Kf4 55. Bh5 Kg3 0-1

[Event "Open de Provence 2015 B"]
[Site "Salon de Provence"]
[Date "2015.07.04"]
[Round "3.16"]
[White "Pietrac, Christian"]
[Black "Boghossian, Lucie"]
[Result "1-0"]
[WhiteElo "1203"]
[BlackElo "1100"]
[PlyCount "67"]
[EventDate "2015.??.??"]

1. Nf3 d5 2. d3 Nf6 3. g3 e6 4. Bg2 Bb4+ 5. c3 Ba5 6. O-O O-O 7. b4 Bb6 8. a4
c6 9. Ba3 Ng4 10. d4 Qc7 11. b5 Re8 12. Bc1 Qd8 13. Qd3 e5 14. Nxe5 Nxe5 15.
dxe5 Rxe5 16. e3 Bf5 17. Qe2 Bxb1 18. Rxb1 Nd7 19. f4 Re6 20. Rd1 Qe7 21. Kf1
Bc5 22. Bh3 Rd6 23. bxc6 Nb6 24. a5 Nc4 25. Rxb7 Qe8 26. Bg2 Rb8 27. Bxd5 Rxb7
28. cxb7 Rd8 29. Qxc4 Bxe3 30. Bxe3 Qxe3 31. Bxf7+ Kf8 32. Rxd8+ Ke7 33. Re8+
Kd6 34. Rxe3 1-0

[Event "Open de Provence 2015 B"]
[Site "Salon de Provence"]
[Date "2015.07.04"]
[Round "4.1"]
[White "Mars, Fiona"]
[Black "Montanelli, Tristan"]
[Result "1-0"]
[WhiteElo "1611"]
[BlackElo "1694"]
[PlyCount "93"]
[EventDate "2015.??.??"]

1. e4 c5 2. c3 d5 3. exd5 Qxd5 4. d4 g6 5. Nf3 Bg7 6. Na3 cxd4 7. Nb5 Na6 8.
Be3 Nf6 9. Bxd4 O-O 10. Be2 b6 11. Ne5 Bd7 12. Na3 Nc5 13. Bf3 Nce4 14. Nxd7
Qxd7 15. Bxf6 Qxd1+ 16. Rxd1 Nxf6 17. Bxa8 Rxa8 18. Ke2 Kf8 19. Nb5 a5 20. Nc7
Rb8 21. Nd5 Nd7 22. Rd3 Be5 23. h3 Nc5 24. Re3 Bd6 25. Rd1 Rb7 26. b3 f5 27.
Rf3 Bb8 28. b4 axb4 29. cxb4 Ne4 30. Rfd3 Bd6 31. f3 Ng3+ 32. Ke3 Kf7 33. a3 g5
34. f4 e6 35. Kf3 exd5 36. Kxg3 Bxf4+ 37. Kf3 Re7 38. g3 Be5 39. Rxd5 Ke6 40.
Rb5 g4+ 41. hxg4 fxg4+ 42. Kg2 Rd7 43. Re1 Rd2+ 44. Kf1 Rd3 45. Rbxe5+ Kd7 46.
R5e3 Rd4 47. Re7+ 1-0

[Event "Open de Provence 2015 B"]
[Site "Salon de Provence"]
[Date "2015.07.04"]
[Round "4.2"]
[White "Graells, Christian"]
[Black "Nguyen, Patrick"]
[Result "1-0"]
[WhiteElo "1491"]
[BlackElo "1654"]
[PlyCount "75"]
[EventDate "2015.??.??"]

1. e4 c6 2. d4 d5 3. Nc3 dxe4 4. Nxe4 Nf6 5. Nxf6+ gxf6 6. c3 Bf5 7. Nf3 Nd7 8.
Bd3 Bxd3 9. Qxd3 Qc7 10. Be3 e6 11. O-O-O O-O-O 12. Qc2 Kb8 13. g3 h5 14. Nh4
Bh6 15. f4 f5 16. Nf3 Nf6 17. Ne5 Ne4 18. Qb3 Bg7 19. Qa4 Rd5 20. Nc4 b5 21.
Qb3 Ka8 22. Nd2 Nd6 23. Kb1 Rb8 24. Rc1 Qb6 25. Rhe1 Nc4 26. Qc2 Nxd2+ 27. Bxd2
Qd8 28. Be3 Rc8 29. b4 Kb7 30. Red1 a5 31. a3 axb4 32. axb4 Ra8 33. Kb2 Ra4 34.
Ra1 Rxa1 35. Rxa1 Qb6 36. Kb3 Rd8 37. Qa2 e5 38. d5 1-0

[Event "Open de Provence 2015 B"]
[Site "Salon de Provence"]
[Date "2015.07.04"]
[Round "4.3"]
[White "Frailinu, Jean-Bernard"]
[Black "Amoros, Jean"]
[Result "1-0"]
[WhiteElo "1495"]
[BlackElo "1437"]
[PlyCount "115"]
[EventDate "2015.??.??"]

1. c4 Nf6 2. Nc3 e6 3. g3 d5 4. cxd5 exd5 5. d4 Bb4 6. Bg2 Be6 7. e3 O-O 8.
Nge2 Nbd7 9. a3 Ba5 10. b4 Bb6 11. O-O Re8 12. a4 a5 13. b5 Qc8 14. Ba3 Nf8 15.
Nf4 Bg4 16. Qb3 Ne4 17. Qc2 Nxc3 18. Qxc3 c6 19. Rac1 cxb5 20. axb5 Qxc3 21.
Rxc3 Be6 22. Nxd5 Bxd5 23. Bxd5 Rab8 24. Bg2 Red8 25. Rfc1 Ne6 26. Kf1 g6 27.
Be7 Re8 28. Bf6 h6 29. Be5 Rbd8 30. Bxb7 Nxd4 31. exd4 Bxd4 32. Bxd4 Rxd4 33.
Ra1 a4 34. Rca3 Rd2 35. Re1 Rxe1+ 36. Kxe1 Rd4 37. Bc6 Rb4 38. Rf3 f5 39. Re3
Kf8 40. f4 Rb1+ 41. Kf2 Rb2+ 42. Kg1 Rb1+ 43. Kf2 Rb2+ 44. Re2 a3 45. Bd5 Rxb5
46. Rd2 Ke7 47. Ke2 Rb2 48. Kd3 Kd6 49. Bg8 Kc5 50. Kc3 Rb8 51. Bb3 Re8 52. Bc4
Re3+ 53. Bd3 Kd5 54. Ra2 g5 55. Rxa3 gxf4 56. gxf4 Re1 57. Ra5+ Ke6 58. Ra6+
1-0

[Event "Open de Provence 2015 B"]
[Site "Salon de Provence"]
[Date "2015.07.04"]
[Round "4.4"]
[White "Konate, Salma"]
[Black "Bouriel, Michel"]
[Result "1-0"]
[WhiteElo "1373"]
[BlackElo "1497"]
[PlyCount "41"]
[EventDate "2015.??.??"]

1. e4 c5 2. Nf3 d6 3. d4 cxd4 4. Nxd4 Nf6 5. Nc3 g6 6. Bc4 Bg7 7. Bb5+ Bd7 8.
Qf3 Nc6 9. Bxc6 bxc6 10. e5 dxe5 11. Nxc6 Bg4 12. Qe3 Qc7 13. Nxe5 Bf5 14. Qe2
Nh5 15. Qb5+ Kf8 16. f4 Bxc2 17. Qd5 Bxe5 18. Qxa8+ Kg7 19. Qf3 Nxf4 20. O-O
Nd3 21. Qxf7# 1-0

[Event "Open de Provence 2015 B"]
[Site "Salon de Provence"]
[Date "2015.07.04"]
[Round "4.5"]
[White "Malsan, Raynal"]
[Black "Bohli, Adam"]
[Result "1-0"]
[WhiteElo "1484"]
[BlackElo "1428"]
[PlyCount "49"]
[EventDate "2015.??.??"]

1. e4 d5 2. exd5 Nf6 3. d4 Nxd5 4. c4 Nb4 5. a3 N4a6 6. b4 c6 7. Nf3 Bg4 8. Be3
e6 9. Be2 Bd6 10. h3 Bh5 11. O-O Nd7 12. Nc3 Nc7 13. Qd2 h6 14. Rfd1 Qf6 15.
Ne4 Qe7 16. c5 Bxc5 17. dxc5 O-O-O 18. Nd6+ Kb8 19. a4 g5 20. b5 cxb5 21. axb5
Nd5 22. Qa5 Nxc5 23. Qxa7+ Kc7 24. Qxc5+ Kd7 25. Ne5# 1-0

[Event "Open de Provence 2015 B"]
[Site "Salon de Provence"]
[Date "2015.07.04"]
[Round "4.6"]
[White "Monteiro, Georges"]
[Black "Boghossian, Hugo"]
[Result "0-1"]
[WhiteElo "1450"]
[BlackElo "1398"]
[PlyCount "98"]
[EventDate "2015.??.??"]

1. d4 d5 2. Nf3 Nf6 3. Bf4 Bf5 4. Nc3 Nc6 5. e3 e6 6. Bb5 Bd6 7. Bxc6+ bxc6 8.
Ne5 Bxe5 9. Bxe5 O-O 10. O-O Nd7 11. Bg3 c5 12. b3 cxd4 13. exd4 a6 14. Na4 Rc8
15. Rc1 c5 16. Bd6 Re8 17. Nxc5 Nxc5 18. dxc5 Qa5 19. a4 Qc3 20. Qe1 Qb2 21.
Qd2 a5 22. Rfe1 Red8 23. Be5 Qa3 24. Qg5 Bg6 25. Bd6 Qb2 26. Be5 Qa3 27. Bd4 f6
28. Qd2 e5 29. Ra1 Qb4 30. Qxb4 axb4 31. Be3 Bxc2 32. Bd2 Rb8 33. Rec1 Bxb3 34.
Rcb1 Bc2 35. Rxb4 Rxb4 36. Bxb4 Ra8 37. a5 Rb8 38. a6 d4 39. a7 Ra8 40. c6 Be4
41. c7 Rc8 42. Bd6 Kf7 43. f3 Bc6 44. Ra6 d3 45. Bb4 Ba8 46. Ba5 f5 47. Rd6 Ke7
48. Kf2 Kxd6 49. Ke3 e4 0-1

[Event "Open de Provence 2015 B"]
[Site "Salon de Provence"]
[Date "2015.07.04"]
[Round "4.7"]
[White "Faillat, Alois"]
[Black "Maccagno, Gilbert"]
[Result "1-0"]
[WhiteElo "1430"]
[BlackElo "1366"]
[PlyCount "97"]
[EventDate "2015.??.??"]

1. e4 c5 2. Nf3 d6 3. d4 cxd4 4. Nxd4 Nf6 5. Nc3 g6 6. Be3 Bg7 7. h3 a6 8. Bc4
O-O 9. Qd2 Qa5 10. a3 Bd7 11. Rb1 Nc6 12. Nxc6 Bxc6 13. Nd5 Qxd2+ 14. Bxd2 Nxd5
15. exd5 Ba4 16. b3 Bd7 17. a4 Rac8 18. Rc1 Rfe8 19. Bb4 Bf5 20. c3 Bh6 21. Ra1
Bf4 22. Ke2 h5 23. f3 h4 24. Ra2 e6 25. dxe6 Bxe6 26. Bxe6 Rxe6+ 27. Kd1 b6 28.
a5 b5 29. Re1 Rce8 30. Rxe6 Rxe6 31. Re2 g5 32. Rxe6 fxe6 33. Ke2 d5 34. Kd3
Kf7 35. c4 bxc4+ 36. bxc4 Ke8 37. cxd5 exd5 38. Kd4 Kd7 39. Kxd5 Bc7 40. Bd2
Bd8 41. Ke5 Kc6 42. Kf5 Kb5 43. Bxg5 Bxg5 44. Kxg5 Kxa5 45. f4 Kb6 46. f5 Kc7
47. f6 Kd7 48. Kg6 Ke8 49. Kg7 1-0

[Event "Open de Provence 2015 B"]
[Site "Salon de Provence"]
[Date "2015.07.04"]
[Round "4.8"]
[White "Bartolomei, Romain"]
[Black "Misene, Milan"]
[Result "1-0"]
[WhiteElo "1289"]
[BlackElo "1417"]
[PlyCount "55"]
[EventDate "2015.??.??"]

1. e4 c5 2. Nf3 d6 3. d4 cxd4 4. Nxd4 Nf6 5. Nc3 g6 6. Bc4 Bg7 7. f3 O-O 8. Be3
Bd7 9. Qd2 Nc6 10. Bb3 Rc8 11. O-O-O Na5 12. Bh6 Nc4 13. Bxc4 Rxc4 14. Bxg7
Kxg7 15. g4 Qc7 16. Rdg1 e5 17. Ndb5 Bxb5 18. Nxb5 Qb6 19. Nc3 Rfc8 20. h4 Rb4
21. b3 Rd4 22. Qe1 Qc5 23. Kb2 b5 24. Rg2 Rc6 25. Nb1 Ra6 26. Qe2 Rc6 27. c3
Nxe4 28. fxe4 1-0

[Event "Open de Provence 2015 B"]
[Site "Salon de Provence"]
[Date "2015.07.04"]
[Round "4.9"]
[White "Mars, Theo"]
[Black "Favarel-Lubeigt, Helina"]
[Result "1-0"]
[WhiteElo "1634"]
[BlackElo "1296"]
[PlyCount "111"]
[EventDate "2015.??.??"]

1. c4 Nf6 2. Nc3 e5 3. g3 Bc5 4. Bg2 O-O 5. Nf3 d6 6. O-O Be6 7. d4 exd4 8.
Nxd4 Qc8 9. Nxe6 fxe6 10. h3 Nbd7 11. b3 c6 12. Bb2 Qc7 13. Na4 Bb6 14. Nxb6
axb6 15. Qd4 Rad8 16. Rfd1 e5 17. Qxd6 Qxd6 18. Rxd6 Rf7 19. Bxe5 Rdf8 20. Bd4
Re7 21. e3 Ne8 22. Bxg7 Nxg7 23. e4 Ne5 24. f4 Nf7 25. Rd2 Nh5 26. Kh2 Nf6 27.
Re1 Rfe8 28. e5 Nh6 29. g4 Nd7 30. g5 Nf5 31. Be4 Ng7 32. Kg3 Nc5 33. Bc2 Rf8
34. Kg4 Ref7 35. Rf2 Nce6 36. f5 Nd4 37. f6 Nxc2 38. Rxc2 Ne6 39. Rd2 Kh8 40.
Rd6 Re8 41. h4 h6 42. g6 Rc7 43. f7 Rf8 44. Rxe6 Rcc8 45. Kf5 Kg7 46. Rd1 h5
47. Rd7 Rb8 48. Rde7 Ra8 49. Re8 Raxe8 50. Rxe8 c5 51. Rxf8 Kxf8 52. Ke6 b5 53.
g7+ Kxg7 54. Ke7 Kh7 55. f8=Q b4 56. Kf6 1-0

[Event "Open de Provence 2015 B"]
[Site "Salon de Provence"]
[Date "2015.07.04"]
[Round "4.10"]
[White "Ulloa, Philippe"]
[Black "Noireaut, Hoan"]
[Result "0-1"]
[WhiteElo "1341"]
[BlackElo "1667"]
[PlyCount "76"]
[EventDate "2015.??.??"]

1. d4 g6 2. c4 Bg7 3. Nf3 d6 4. h3 Nf6 5. Nc3 O-O 6. e4 c6 7. Bd3 a6 8. a4 Qc7
9. Bf4 Nbd7 10. O-O e5 11. dxe5 dxe5 12. Nxe5 Nxe5 13. Bg3 Qe7 14. Qe2 Nxd3 15.
Qxd3 Rd8 16. Qe3 Be6 17. b3 Qb4 18. Rab1 Nh5 19. Bc7 Rd7 20. Bb6 Bxc3 21. Bc5
Qa5 22. Bb6 Qb4 23. Bc5 Bd2 24. Bxb4 Bxe3 25. fxe3 Ng3 26. Rf2 Nxe4 27. Rc2 c5
28. Be1 Rad8 29. Rcc1 g5 30. Ba5 Re8 31. Rb2 Bf5 32. g4 Bg6 33. Re2 Rd3 34. Rb1
Nc3 35. Bxc3 Rxc3 36. Rbb2 Rexe3 37. Rh2 Rxb3 38. Rbc2 Bxc2 0-1